000 00474nam a22001817a 4500
005 20241111094806.0
008 241111b sa ||||| |||| 00| 0 eng d
020 _a9780143025320
_qpbk
040 _aRDA
_c3228
082 _aEF HAND
100 _aHandler Rosemund J
_9172351
245 _aKaty's kid
_cHandler Rosemund J
250 _aFirst edition
260 _aJohannesburg:
_bPenguin;
_c2007.
300 _a381 pages;
_c20 cm
521 _aAdults
942 _2ddc
_cBOOK
_w396
_xZanele Zitha
_y396
_zZanele Zitha
999 _c770270
_d770269